Estudio Histórico Sobre el Protocolo de Rio de Janeiro (Record no. 27790)

MARC details
000 -LEADER
campo de control de longitud fija 00315nam a2200121Ia 4500
005 - FECHA Y HORA DE LA ÚLTIMA TRANSACCIÓN
campo de control 20251222152633.0
008 - DATOS DE LONGITUD FIJA--INFORMACIÓN GENERAL
campo de control de longitud fija 251222s9999||||xx |||||||||||||| ||spa||
082 ## - NÚMERO DE LA CLASIFICACIÓN DECIMAL DEWEY
Número de clasificación 327.85/P77
100 ## - ENTRADA PRINCIPAL--NOMBRE DE PERSONA
Nombre de persona Pons Muzzo, Gustavo
245 #0 - MENCIÓN DEL TÍTULO
Título Estudio Histórico Sobre el Protocolo de Rio de Janeiro
264 ## - PRODUCCIÓN, PUBLICACIÓN, DISTRIBUCIÓN, FABRICACIÓN Y COPYRIGHT
Nombre del de productor, editor, distribuidor, fabricante Bruño
942 ## - ELEMENTOS DE ENTRADA SECUNDARIOS (KOHA)
Tipo de ítem Koha Libros
Holdings
Estatus retirado Estado de pérdida Estado de daño No para préstamo Biblioteca de origen Biblioteca actual Ubicación en estantería Fecha de adquisición Total de préstamos Signatura topográfica completa Código de barras Visto por última vez Precio de reemplazo Tipo de ítem Koha
        Biblioteca Nopoki Biblioteca Nopoki Programa 22/12/2025   327.85/P77 0015206 22/12/2025 22/12/2025 Libros